Religión, política y sociedad : (Record no. 54763)

MARC details
000 -LEADER
fixed length control field 00758cam a2200193 4500
005 - DATE AND TIME OF LATEST TRANSACTION
control field 20151002102030.0
008 - FIXED-LENGTH DATA ELEMENTS--GENERAL INFORMATION
fixed length control field 150714b mx ||||| |||| 00| 0 spa d
020 ## - INTERNATIONAL STANDARD BOOK NUMBER
International Standard Book Number 968-859-091-6
050 04 - LIBRARY OF CONGRESS CALL NUMBER
Classification number BL65 .P7
Item number R45 1992
245 10 - TITLE STATEMENT
Title Religión, política y sociedad :
Remainder of title el sinarquismo y la Iglesia en México (nueve ensayos) /
Statement of responsibility, etc Rubén Aguilar V., Guillermo Zermeño P., coordinación y compilación.
250 ## - EDITION STATEMENT
Edition statement 1a ed.
260 ## - PUBLICATION, DISTRIBUTION, ETC. (IMPRINT)
Place of publication, distribution, etc México :
Name of publisher, distributor, etc Universidad Iberoamericana, Departamento de Historia,
Date of publication, distribution, etc 1992
300 ## - PHYSICAL DESCRIPTION
Extent 310 p. ;
Dimensions 21 cm.
650 #7 - SUBJECT ADDED ENTRY--TOPICAL TERM
Source of heading or term LEMB
Topical term or geographic name as entry element Religión y política
Geographic subdivision México
650 #7 - SUBJECT ADDED ENTRY--TOPICAL TERM
Source of heading or term LEMB
Topical term or geographic name as entry element Religión y Estado
Geographic subdivision México
650 #7 - SUBJECT ADDED ENTRY--TOPICAL TERM
Source of heading or term LEMB
Topical term or geographic name as entry element Religión y Sociología
Geographic subdivision México
700 1# - ADDED ENTRY--PERSONAL NAME
Personal name Zermeño, Guillermo P.,
Relator term coaut.
942 ## - ADDED ENTRY ELEMENTS (KOHA)
Source of classification or shelving scheme Biblioteca del Cogreso de los Estados Unidos
Koha item type Libro
Holdings
Estado de pérdida Fuente de clasificación Estado del daño No para préstamo Ubicación permanente Ubicación actual Apartado o colección Fecha de adquisición Edición Dependencia de educación superior (DES) Área del conocimiento Clasificación Código de Barras Date last seen Número de copia Tipo de recurso Nota pública
  Biblioteca del Cogreso de los Estados Unidos     Biblioteca del Instituto de Investigaciones Históricas Biblioteca del Instituto de Investigaciones Históricas General 21/04/2015 1a ed. Humanidades Educación y Humanidades BL65 .P7 R45 1992 IIH000013159 21/04/2015 C: 1 Libro GENERAL
  Biblioteca del Cogreso de los Estados Unidos     Biblioteca del Instituto de Investigaciones Históricas Biblioteca del Instituto de Investigaciones Históricas General 21/04/2015 1a ed. Humanidades Educación y Humanidades BL65 .P7 R45 1992 IIH000013160 21/04/2015 C: 2 Libro GENERAL
  Biblioteca del Cogreso de los Estados Unidos     Biblioteca del Instituto de Investigaciones Históricas Biblioteca del Instituto de Investigaciones Históricas General 21/04/2015 1a ed. Humanidades Educación y Humanidades BL65 .P7 R45 1992 IIH000013161 21/04/2015 C: 3 Libro GENERAL